Эластичные интрамедуллярные имплантаты с остеоиндуктивными композиционными покрытиями на основе сополимера винилиденфторида с тетрафторэтиленом и гидроксиапатита: автореферат диссертации на соискание ученой степени кандидата технических наук; спец. 05.11.17

Detaylı Bibliyografya
Yazar: Больбасов Е. Н. Евгений Николаевич
Müşterek Yazar: Национальный исследовательский Томский политехнический университет Инженерная школа ядерных технологий Лаборатория плазменных гибридных систем
Diğer Yazarlar: Бузник В. М. Вячеслав Михайлович (научный руководитель)
Özet:Заглавие с титульного экрана
Электронная версия печатной публикации
Dil:Rusça
Baskı/Yayın Bilgisi: Томск, 2018
Konular:
Online Erişim:http://earchive.tpu.ru/handle/11683/52876
Materyal Türü: Elektronik Kitap
KOHA link:https://koha.lib.tpu.ru/cgi-bin/koha/opac-detail.pl?biblionumber=341295

MARC

LEADER 00000nlm0a2200000 4500
001 341295
005 20250423143242.0
035 |a (RuTPU)RU\TPU\book\368915 
035 |a RU\TPU\book\368910 
090 |a 341295 
100 |a 20180730d2018 k y0rusy50 ca 
101 0 |a rus 
102 |a RU 
105 |a a dm 000zy 
135 |a drcn ---uucaa 
181 0 |a i  
182 0 |a b 
200 1 |a Эластичные интрамедуллярные имплантаты с остеоиндуктивными композиционными покрытиями на основе сополимера винилиденфторида с тетрафторэтиленом и гидроксиапатита  |e автореферат диссертации на соискание ученой степени кандидата технических наук  |e спец. 05.11.17  |f Е. Н. Больбасов  |g Национальный исследовательский Томский политехнический университет ; науч. рук. В. М. Бузник 
203 |a Текст  |c электронный 
210 |a Томск  |d 2018 
215 |a 1 файл (946 KB) 
300 |a Заглавие с титульного экрана 
300 |a Электронная версия печатной публикации 
452 1 |0 (RuTPU)RU\TPU\book\369991  |t Эластичные интрамедуллярные имплантаты с остеоиндуктивными композиционными покрытиями на основе сополимера винилиденфторида с тетрафторэтиленом и гидроксиапатита  |o автореферат диссертации на соискание ученой степени кандидата технических наук  |o спец. 05.11.17  |f Е. Н. Больбасов  |g Национальный исследовательский Томский политехнический университет (ТПУ) ; науч. рук. В. М. Бузник  |c Томск  |n [Б. и.]  |d 2018  |p 22 с.  |a Больбасов, Евгений Николаевич 
606 1 |a Имплантаты  |2 stltpush  |3 (RuTPU)RU\TPU\subj\71629  |9 85445 
606 1 |a Полимерные покрытия  |2 stltpush  |3 (RuTPU)RU\TPU\subj\50207  |9 68939 
610 1 |a электронный ресурс 
610 1 |a авторефераты диссертаций 
610 1 |a труды учёных ТПУ 
610 1 |a остеоиндуктивные покрытия 
610 1 |a композиционные покрытия 
610 1 |a сополимеры 
610 1 |a винилиденфторид 
610 1 |a тетрафторэтилен 
610 1 |a гидроксиапатиты 
610 1 |a трубчатые кости 
610 1 |a кальций-фосфатные покрытия 
610 1 |a костные ткани 
610 1 |a кристаллические фазы 
675 |a 615.4(04)  |v 4 
675 |a 678.84(04)  |v 4 
686 |a 05.11.17  |2 oksvnk 
700 1 |a Больбасов  |b Е. Н.  |c физик  |c старший научный сотрудник Томского политехнического университета, кандидат технических наук  |f 1981-  |g Евгений Николаевич  |3 (RuTPU)RU\TPU\pers\30003  |9 14454 
702 1 |a Бузник  |b В. М.  |c химик-технолог  |c профессор Томского политехнического университета, доктор наук  |f 1945-  |g Вячеслав Михайлович  |3 (RuTPU)RU\TPU\pers\42158  |4 727 
712 0 2 |a Национальный исследовательский Томский политехнический университет  |b Инженерная школа ядерных технологий  |b Лаборатория плазменных гибридных систем  |3 (RuTPU)RU\TPU\col\23381 
801 2 |a RU  |b 63413507  |c 20190212  |g RCR 
850 |a 63413507 
856 4 |u http://earchive.tpu.ru/handle/11683/52876 
942 |c CF